Responses for show #126 - Monday, March 4, 1985

Bruce Fauman game 3.

Contestants

Bob Boehm, an attorney from Arlington, Virginia

Yvonne Buchanan, an administrative clerk originally from Phoenix, Arizona

Bruce Fauman, a university administrator and professor from Vancouver, British Columbia (whose 2-day cash winnings total $17,399)

[next game >>]

Jeopardy! Round responses

U.S. GEOGRAPHY
PEOPLE
WORD ORIGINS
MAMMALS
WEIGHTS & MEASURES
HOWDY DOODY
    $100 6
Minnesota

Bruce
    $100 13
glove

Yvonne
    $100 18
chauvinism

Bruce
    $100 11
(Bruce: How many are [*]?)

13

Bruce
    $100 1
Bob Smith

Bruce
    $200 7
Iowa

Bruce
    $200 14
blonde

Yvonne
    $200 19
Adam's apple

Bruce
    $200 12
scales

Yvonne
    $500 2
Clara Bell

Bruce
    $300 8
Washington

Bruce
    $300 15
(Bruce: who is Princess Caroline?)

Princess Stephanie

BruceYvonne
    $300 23
peeping Tom

Bruce
    $300 20
2

Bruce
    $300 3
48

Bruce
    $400 9
Hawaii

Bruce
    $400 16
Former President (Jimmy) and Mrs. (Rosalynn) Carter

Bob
    $400 24
copper

Bob
    $400 21
inch

Bruce
    $400 4
Bluster

Bruce
    $500 10
(Bruce: what are Louisiana and Mississippi?)

Louisiana and Texas

Bruce
Triple Stumper
    $500 17
Liberace

Yvonne
    $500 25
bedlam

Bruce
    $500 22
6

Bruce
    $500 5
Flubadub

Triple Stumper

Scores at the first commercial break (after clue 8):

Bruce Yvonne Bob
$1,900 $0 $0

Scores at the end of the Jeopardy! Round:

Bruce Yvonne Bob
$3,900 $1,300 $800

Double Jeopardy! Round responses

MOUNTAINS
THE MILITARY
BOOKS & AUTHORS
SCIENCE
HISTORICAL TRIVIA
OPERA
    $200 16
North America

Bruce
    $200 1
Foreign Legion

Bruce
    $200 2
Joan Rivers

Yvonne
    $200 5
Carbon dioxide

Bruce
    $200 8
(Bruce: what is consul?)

(Roman) emperor

BruceYvonne
    $200 10
Cinderella

Bruce
    $400 17
Mount Everest

Yvonne
    $400 12
Luftwaffe

Bruce
    $400 3
The Diary of Anne Frank

Bruce
    $400 11
repel

Bob
    $400 9
(Bruce: what is land in the New World?)
(Bob: what is ride a camel?)

smoke tobacco

BruceBob
Triple Stumper
    $400 22
the Magic Flute

Bruce
    $600 19
Atlas

Bruce
    $600 4
Ordinary People

Bruce
    $600 13
metric system

Bruce
    $600 18
battleship

Bruce
    $600 23
the Devil

Yvonne
    $800 20
(Bruce: what is Mount Palomar?)
(Bob: what is the Scopes observatory?)

Mount Wilson

BruceBob
Triple Stumper
    $800 6
John Updike

Bruce
    $800 14
metallic

Bruce
    $800 24
Wagner

Bruce
    $1000 21
Mount Vesuvius

Triple Stumper
    $1000 7
E. L. Doctrow

Yvonne
    $1000 15
(Yvonne: what is audio?)

acoustics

Yvonne
Triple Stumper
    $2,000 25
(Alex: Bob, I'm sorry to say that you have no money, and as a result, you won't be around for Final Jeopardy!, but thank you for joining us today on the program. Stay right where you are.)

Giuseppe Verdi

Bruce

Scores at the end of the Double Jeopardy! Round:

Bruce Yvonne Bob
$11,300 $2,700 $0
(lock game)

[wagering suggestions for these scores]

Final Jeopardy! Round responses

BUSINESS & INDUSTRY
YvonneWhat is a Colt .45?
$2,675
BruceWhat is the typewriter?
$5,000
typewriter

Final scores:

Bruce Yvonne Bob
$16,300 $25 $0
3-day champion: $33,699 2nd place: Eastman Action recliner 3rd place: Excel exercise bench

Game dynamics:

Coryat scores:

Bruce Yvonne Bob
$10,000 $2,700 $0
31 R
(including 2 DDs),
5 W
10 R,
1 W
3 R,
2 W

Combined Coryat: $12,700

The J! Archive is created by fans, for fans. The Jeopardy! game show and all elements thereof, including but not limited to copyright and trademark thereto, are the property of Jeopardy Productions, Inc. and are protected under law. This website is not affiliated with, sponsored by, or operated by Jeopardy Productions, Inc. Join the discussion at JBoard.tv.